000 00507nam a2200181Ia 4500
003 OSt
005 20250204124638.0
008 210210b1956 xxu||||| |||| 00| 0 eng d
040 _cAL
041 _akan
082 _a859/1161
100 _aBASAVARAJA KATTIMANI
_9146347
_dಬಸವರಾಜ ಕಟ್ಟೀಮನಿ.
245 _aSamara bhumi:
_bಸಮರ ಭೂಮಿ
260 _aBengaluru
_bSharada Prakatanalalya
_c1956
690 _aKannada Fiction
_9146348
906 _a021906
942 _2ddc
_cBK
999 _c146012
_d146012